000 00376nam a2200145Ia 4500
005 20251222141925.0
008 251222s9999||||xx |||||||||||||| ||spa||
020 _a8481556440
082 _a340/G23
100 _aGarcía Garrido, Manuel J.
245 0 _aCuadro, Gráficos y Test de Derecho Privado Romano
250 _a1ra. ed.
264 _bEditorial Dykinson
942 _cLIB
999 _c8838
_d8838